01264nam a2200313Ia 4500001001200000003000800012006001900020007001500039008004100054020002600095020002300121040002100144035002100165050002300186100002900209245009600238246003100334260005900365300003000424504006600454533015200520650003000672650003400702651002500736655002900761710001700790856012600807999001700933ebr10288462CaPaEBRm u cr cn|||||||||090204s2009 enkab sb 001 0 eng d z9780199533855 (cased) z0199533857 (cased) aCaPaEBRcCaPaEBR a(OCoLC)32091488014aN5310b.B73 2009eb1 aBradley, Richard,d1946-10aImage and audienceh[electronic resource] :brethinking prehistoric art /cRichard Bradley.3 aRethinking prehistoric art aOxford ;aNew York :bOxford University Press,cc2009. axv, 260 p. :bill., maps. aIncludes bibliographical references (p. [235]-255) and index. aElectronic reproduction.bPalo Alto, Calif. :cebrary,d2009.nAvailable via World Wide Web.nAccess may be limited to ebrary affiliated libraries. 0aArt, PrehistoriczEurope. 0aMegalithic monumentszEurope. 0aEuropexAntiquities. 7aElectronic books.2local2 aebrary, Inc.40uhttp://site.ebrary.com/lib/rucke/Doc?id=10288462zAn electronic book accessible through the World Wide Web; click to view c15457d15457